Zbornik Matice srpske za istoriju

Bibliographic Details
Previous Title:Zbornik za istoriju
Format: Journal
Language:Serbian
PhysicalDescription:zv. 24 cm
Published: Novi Sad Matica srpska 1984-
ISSN:0352-5716
0350-0489
Subjects:

MARC

LEADER 00000nas a22000004a 4500
001 vtls009354897
003 SK-MaSNL
005 20260228163612.0
008 081029c19849999yu fr p 0 c0scc c
022 |a 0352-5716 
035 |a 857682-8 
035 |a SKP000004511 
035 |a (SKP)vtls000004511 
040 |a BA001  |b slo  |c SNK  |d SNK  |e AACR2 
041 0 |a scc  |b eng  |b ger 
044 |a yu  |c YU 
072 7 |a 93/94  |x Dejiny (všeobecne)  |2 konspekt 
080 |a 93/94  |2 2001 
080 |a (082)  |2 2001 
210 0 |a Zbor. Matice srp. istor. 
222 0 |a Zbornik Matice srpske za istoriju 
245 0 0 |a Zbornik Matice srpske za istoriju 
246 1 1 |a Proceedings in history 
260 |a Novi Sad  |b Matica srpska  |c 1984- 
300 |a zv.  |c 24 cm 
310 |a 2x ročne 
362 0 |a 29 (1984)-  |z ZDB/2003 
650 0 7 |a dejiny  |2 SNKPH  |9 3825 
655 7 |a zborníky  |2 SNKPH  |9 70165 
780 0 0 |t Zbornik za istoriju  |x 0350-0489 
910 |a snk 
999 |c 9999  |d 11929 
952 |0 0  |1 1  |4 0  |7 0  |8 2  |a SNK  |b SNK  |d 2008-10-29  |g 4.65  |i snk2008/21094  |l 0  |o snkČC 2637/71-72/2005  |p 17A0582788  |r 2026-02-21 20:29:09  |w 2026-02-21  |y PREZ 
952 |0 0  |1 1  |4 0  |7 0  |8 2  |a SNK  |b SNK  |d 2008-10-29  |g 8.30  |i snk2008/21093  |l 0  |o snkČC 2637/67-68/2003  |p 17A0582787  |r 2026-02-21 21:01:33  |w 2026-02-21  |y PREZ 
952 |0 0  |1 1  |4 0  |7 0  |8 2  |a SNK  |b SNK  |d 2008-10-29  |g 3.32  |i snk2008/21095  |l 0  |o snkČC 2637/74/2006  |p 17A0600249  |r 2026-02-21 21:01:33  |w 2026-02-21  |y PREZ